000 00395nam a22000977a 4500
008 171002b xxu||||| |||| 00| 0 eng d
100 _aArch, Brad
245 _aNew Jersey 1847 Issue covers
260 _aClifton, N.J.
_bNew Jersey Postal History Society
_c1987
650 _aUnited States -- New Jersey | Covers | Postal History | Postal Markings | 19th Century | First Issues | Definitive Issues | 1847
999 _c2501
_d2501